LA POLITICA EXTERIOR DOMINICANA 1844 1961 LA POLITICA EXTERIOR DEL DICTADOR TRUJILLO 1930 1961 (Record no. 1954)

MARC details
000 -LEADER
campo de control de longitud fija 00809nam a22001817a 4500
001 - NÚMERO DE CONTROL
campo de control 7847
005 - FECHA Y HORA DE LA ÚLTIMA TRANSACCIÓN
campo de control 20250602012216.0
008 - DATOS DE LONGITUD FIJA--INFORMACIÓN GENERAL
campo de control de longitud fija 5230202000 dr
082 ## - NÚMERO DE LA CLASIFICACIÓN DECIMAL DEWEY
Número de clasificación RD 327.1097293
Número de ítem Sa581p
100 ## - ENTRADA PRINCIPAL--NOMBRE DE PERSONA
Nombre de persona SANG MU KIEN ADRIANA
245 ## - MENCIÓN DEL TÍTULO
Título LA POLITICA EXTERIOR DOMINICANA 1844 1961 LA POLITICA EXTERIOR DEL DICTADOR TRUJILLO 1930 1961
Mención de responsabilidad, etc. Mu-Kien Adriana Sang ; con la colaboración de Walter Cordero y Neici Zeller.
250 ## - MENCION DE EDICION
Mención de edición 1a. ed.
260 ## - PUBLICACIÓN, DISTRIBUCIÓN, ETC.
Lugar de publicación, distribución, etc. Santo Domingo :
Nombre del editor, distribuidor, etc. SECRETARIA DE ESTADO DE RELACIONES EXTERIORES
300 ## - DESCRIPCIÓN FÍSICA
Extensión 904 p. / 27 cm [Tomo II]
505 ## - NOTA DE CONTENIDO CON FORMATO
Nota de contenido con formato Incluye Índices Onomástico y Geogréfico.
650 ## - PUNTO DE ACCESO ADICIONAL DE MATERIA--TÉRMINO DE MATERIA
Término de materia o nombre geográfico como elemento de entrada 1 REPUBLICA DOMINICANA RELACIONES EXTERIORES HISTORIA 2 REPUBLICA DOMINICANA HISTORIA ERA DE TRUJILLO 1930 1961
700 ## - ENTRADA AGREGADA--NOMBRE PERSONAL
Nombre de persona I CORDERO WALTER COL II ZELLER NEICI COL
Holdings
Estatus retirado Estado de pérdida Estado de daño No para préstamo Colección Biblioteca de origen Biblioteca actual Fecha de adquisición Total de préstamos Signatura topográfica completa Código de barras Visto por última vez Copia número Precio de reemplazo Tipo de ítem Koha
        Acervo general de Libros Biblioteca Central Mons. Favio M. Rivas S. Biblioteca Central Mons. Favio M. Rivas S. 29/07/2014   RD 327.1097293 000000002574 23/05/2025 1 23/05/2025 Libros